Currency - Statistics

General Stats
  • This quiz has been taken 51 times
  • The average score is 38 of 88
Answer Stats
Country Currency % Correct
Andorra |Austria | Belgium | Croatia | Cyprus | Estonia | Finland | France | French Southern and Antarctic Lands | Germany | Greece | Ireland | Italy | Kosovo | Latvia | Lithuania | Luxembourg | Malta | Monaco | Montenegro | Netherlands | Portugal | Saint Pierre and Miquelon | Saint Barthélemy | San Marino | Slovakia | Slovenia | Spain | Vatican City Euro
100%
Anguilla |
Antigua and Barbuda | Australia | The Bahamas |
Barbados | Belize | Bermuda | Bonaire | British Indian Ocean Territory | Brunei | British Virgin Islands | Cambodia | Canada | Cayman Islands | Cook Islands | Dominica | Timor-Leste | Ecuador | El Salvador | Falkland Islands | Fiji | Grenada | Guyana | Hongkong | Jamaica | Kiribati | Liberia | Macau | Marshallislands | Micronesia | Montserrat | Namibia | Nauru | New Zealand | Niue | Palau | Panama | Pitcairn Island | Saba | Saint Helena | Saint Lucia | Saint Kitts and Nevis | Saint Pierre and Miquelon | Singapore | Sint Eustatius | Solomon Islands | Suriname | Taiwan | Trinidad and Tobago | Turks and Caicos Islands | Tuvalu | United States | Zimbabwe
Dollar
96%
Japan Yen
93%
Benin |Burkina Faso | Burundi | Cameroon | Central African Republic | Chad | Comoros | Democratic Republic of the Congo | Republic of the Congo | Ivory Coast | Djibouti | Equatorial Guinea | French Polynesia | Gabon | Guinea | Guinea-Bissau | Liechtenstein | Mali | New Caledonia | Niger | Rwanda | Senegal | Switzerland | Togo | Wallis and Futuna Franc
79%
Argentina |Chile | Colombia | Cuba | Dominican Republic | Mexico | The Philippines | Uruguay Peso
79%
Abkhazia |Belarus | Russia | South Ossetia | Transnistria Ruble
79%
Denmark |Faroe Islands | Greenland | Norway Krone
75%
North Korea |South Korea Won
75%
Ascension Island |Egypt | Gibraltar | Guernsey | Isle of Man | Jersey | Lebanon | South Georgia and the Sandwich Islands | South Sudan | Sudan | Syria Pound
71%
Faroe Islands |Iceland Króna
68%
Sweden Krona
68%
Bhutan |India | Mauritius | Nepal | Pakistan | Seychelles | Sri Lanka Rupee
68%
Algeria |Bahrain | Iraq | Jordan | Kuwait | Libya | Palestine | Serbia | Tunisia Dinar
61%
Northern Cyprus |Türkiye Lira
57%
Iran |Oman | Yemen Rial
57%
Cambodia Riel
57%
Venezuela Bolívar
54%
Bosnia and Herzegovina Mark
54%
Guatemala Quetzal
54%
Eswatini |Lesotho | Namibia | South Africa Rand
54%
Kenya |Somalia | Somaliland | Tanzania | Uganda Shilling
54%
Thailand Baht
50%
Vietnam đồng
50%
Israel |Palestine Shekel
50%
Poland Złoty
50%
Morocco |Western Sahara Dirham
46%
United Arab Emirates Dirham
46%
Hungary Forint
46%
Albania Lek
46%
Azerbaijan |Turkmenistan Manat
46%
Brazil Real
46%
Czechia Koruna
43%
Angola Kwanza
43%
Moldova |Romania Leu
43%
Nigeria Naira
43%
Qatar |Saudi Arabia Riyal
43%
Indonesia Rupiah
43%
Afghanistan Afghani
39%
Ghana Cedi
39%
Cape Verde Escudo
39%
Bulgaria Lev
39%
Malaysia Ringgit
39%
Peru Sol
39%
Kyrgyzstan Som
39%
Samoa Tālā
39%
Mongolia Tögrög
39%
Ethiopia Birr
36%
Bolivia Boliviano
36%
Costa Rica Colón
36%
North Macedonia Denar
36%
Armenia |Artsakh Dram
36%
Haiti Gourde
36%
Ukraine Hryvnia
36%
Laos Kip
36%
Myanmar Kyat
36%
Georgia Lari
36%
Sierra Leone Leone
36%
Botswana Pula
36%
Maldives Rufiyaa
36%
Tajikistan Somoni
36%
Kazakhstan Tenge
36%
Vanuatu Vatu
36%
Panama Balboa
32%
Paraguay Guaraní
32%
Papua New Guinea Kina
32%
Malawi |Zambia Kwacha
32%
Mozambique Metical
32%
Eritrea Nakfa
32%
China Renminbi
32%
Falkland Islands |Gibraltar | Guernsey | Isle of Man | Jersey | South Georgia and the Sandwich Islands | Saint Helena | United Kingdom Sterling
32%
The Gambia Dalasi
29%
São Tomé and Príncipe Dobra
29%
Honduras Lempira
29%
Bhutan Ngultrum
29%
Bangladesh Taka
29%
Nicaragua Córdoba
25%
Lesotho Loti
25%
Mauretania Ouguiya
25%
Tonga Pa'anga
25%
Madagascar Ariary
21%
El Slavador Bitcoin
21%
Aruba Florin
21%
Curaçao |Sint Maarten Guilder
21%
Eswatini Lilangeni
21%
Macau Pataca
18%
Uzbekistan Sum
14%
Western Sahara Peseta
11%
Abkhazia Apsar
4%
No matching quizzes found
Score Distribution
Percent of People with Each Score
Percentile by Number Answered
Your Score History
You have not taken this quiz